Development of energy-efficient technologies; Методология проектирования молодежного научно-инновационного пространства как основа подготовки современного инженера

Bibliografiske detaljer
Parent link:Методология проектирования молодежного научно-инновационного пространства как основа подготовки современного инженера.— 2014.— [С. 121-125]
Hovedforfatter: Zaytsev V. C.
Institution som forfatter: Национальный исследовательский Томский политехнический университет (ТПУ) Физико-технический институт (ФТИ) Кафедра иностранных языков физико-технического института (ИЯФТ)
Andre forfattere: Shaykina O. G. Olga Igorevna (научный руководитель)
Summary:Заглавие с экрана
This article shows what methods are implemented in energy efficient technologies. To date, invented many new technologies that save energy. And several examples are given in this article.
Sprog:engelsk
Udgivet: 2014
Serier:Nuclear technologies as integral part of engineering science in the modern world
Fag:
Online adgang:http://earchive.tpu.ru/handle/11683/64990
http://www.lib.tpu.ru/fulltext/c/2014/C07/025.pdf
Format: MixedMaterials Electronisk Book Chapter
KOHA link:https://koha.lib.tpu.ru/cgi-bin/koha/opac-detail.pl?biblionumber=607925

MARC

LEADER 00000naa2a2200000 4500
001 607925
005 20260316135140.0
035 |a (RuTPU)RU\TPU\conf\5331 
035 |a RU\TPU\conf\5330 
090 |a 607925 
100 |a 20140905d2014 k y0rusy50 ba 
101 0 |a eng 
102 |a RU 
135 |a drcn ---uucaa 
181 0 |a i  
182 0 |a b 
200 1 |a Development of energy-efficient technologies  |f V. C. Zaytsev  |g Sci. adv. O. G. Shaykina 
203 |a Текст  |c электронный 
215 |a 1 файл (494 Кб) 
225 1 |a Nuclear technologies as integral part of engineering science in the modern world 
300 |a Заглавие с экрана 
320 |a [Библиогр.: с. 125 (6 назв.)] 
330 |a This article shows what methods are implemented in energy efficient technologies. To date, invented many new technologies that save energy. And several examples are given in this article. 
337 |a Adobe Reader 
463 1 |0 (RuTPU)RU\TPU\conf\3581  |t Методология проектирования молодежного научно-инновационного пространства как основа подготовки современного инженера  |l Strategy design of youth science and innovation environment for modern engineer training  |o сборник научных трудов Международной молодежной научной школы, г. Томск, 2 - 4 апреля 2014 г.  |f Национальный исследовательский Томский политехнический университет (ТПУ) ; под ред. В. В. Верхотуровой и др.  |v [С. 121-125]  |d 2014 
610 1 |a электронный ресурс 
610 1 |a труды учёных ТПУ 
610 1 |a энергоэффективные технологии 
610 1 |a энергия 
610 1 |a экономное расходование 
610 1 |a развитие 
610 1 |a энергоэффективность 
700 1 |a Zaytsev  |b V. C. 
702 1 |a Shaykina  |b O. G.  |c linguist  |c Lecturer of Tomsk Polytechnic University  |f 1981-  |g Olga Igorevna  |4 727 
712 0 2 |a Национальный исследовательский Томский политехнический университет (ТПУ)  |b Физико-технический институт (ФТИ)  |b Кафедра иностранных языков физико-технического института (ИЯФТ)  |3 (RuTPU)RU\TPU\col\18736 
801 1 |a RU  |b 63413507  |c 20101016 
801 2 |a RU  |b 63413507  |c 20210401  |g RCR 
856 4 |u http://earchive.tpu.ru/handle/11683/64990 
856 4 |u http://www.lib.tpu.ru/fulltext/c/2014/C07/025.pdf 
942 |c BK